Culture Générale en Chaîne #2 - Statistiques

Statistiques générales
  • Ce quiz a été pris 68 fois
  • Le résultat moyen est 9 sur 19
Statistiques - réponses
Hint Réponse % Correct
Ville européenne dans laquelle François-Ferdinand d'Autriche se fait assassiner en 1914, provoquant alors indirectement la Première Guerre Mondiale Sarajevo
86%
Dieu principal de la mythologie nordique Odin
81%
En boxe, coup de poing porté de bas en haut. Uppercut
75%
Substance colorée tapissant l'intérieur de la coquille de certains mollusques Nacre
68%
Capitale des Émirats Arabes Unis Abu Dhabi
64%
Dans la Bible, construction mythique érigée pour atteindre le ciel et source de la création de différentes langues (en guise de punition par Dieu) Tour de Babel
56%
Acteur austro-américain devenu gouverneur de Californie entre 2003 et 2011 et connu pour son importante musculature Arnold Schwarzenegger
54%
Machine de chiffrement et de déchiffrement utilisée par l'armée allemande durant la Seconde Guerre Mondiale Enigma
49%
Mer intérieure du bassin méditerranéen, située entre la Grèce à l’ouest, et la Turquie à l’est Égée
46%
Système de fortifications bétonnées et enterrées, construit entre 1928 et 1940 le long des frontières françaises (nord-est) Ligne Maginot
44%
Ancien roi d'Angleterre reconnu pour sa bravoure et sa participation à la 3ème Croisade Richard Cœur de Lion
39%
Film de Quentin Tarantino de 2009 dans lequel Christoph Waltz joue un officier nazi, rôle pour lequel il obtiendra l'Oscar du meilleur acteur dans un rôle secondaire Inglorious Basterds
34%
Espèce d'araignée particulièrement grande et dont le nom provient de celui d'une ville italienne Tarantule
34%
Sentiment persistant d'illégitimité et de doute de ses propres compétences, malgré des réussites objectives, souvent présent chez les artistes populaires Syndrome de l'imposteur
32%
Série produite par Netflix sortie en 2018 et dont le personnage principal est un "stalker" vivant à New York You
27%
Pont de Prague connu pour sa statue Pietà, où le groupe Depeche Mode se fait photographier en 1988 Pont Charles
25%
Terme désignant un enfant de célébrités ou de personnes influentes ayant réussi dans le même milieu professionnel (cinéma, mode, musique) grâce aux connexions et à la notoriété de ses parents Nepo baby
22%
Ancienne capitale japonaise aujourd'hui connue pour son important patrimoine culturel et ses cerfs Nara
15%
Espèce de requin dont le nom est aussi celui d'un fruit Requin-citron
14%
Aucun quiz correspondant
Distribution des résultats
% des personnes avec chaque résultat
Percentile par nombre de réponses
Votre historique - résultats
Vous n’avez pas pris ce quiz